Érdekes párhuzamok a tudományszociológiában Thomas S. Kuhn és L. Fleck
Elmentve itt :
| Szerző: | |
|---|---|
| További közreműködők: | |
| Adatforrás: | Philobibl |
| Forrásdokumentuma: | Magyar Filozófiai Szemle 36.1992:3-4. p. 410-420. |
| Dokumentumtípus: | Cikk |
| Nyelv: | magyar |
| Kulcsszavak: | tudományelmélet tudományszociológia gondolkodás tudás |
| Megjelent: |
1992
|
| LEADER | 00557nab a2200169 c 4500 | ||
|---|---|---|---|
| 001 | bibPHI0032222 | ||
| 005 | 20200924123010.8 | ||
| 008 | 080507s1992 hu hun | ||
| 100 | 1 | |a Fluri, Philippe H. | |
| 245 | 1 | 0 | |a Érdekes párhuzamok a tudományszociológiában |b Thomas S. Kuhn és L. Fleck |c Philippe H. Fluri ; [ford. Keresztes György] |
| 260 | |a 1992 | ||
| 695 | |a tudományelmélet | ||
| 695 | |a tudományszociológia | ||
| 695 | |a gondolkodás | ||
| 695 | |a tudás | ||
| 700 | 1 | |a Keresztes György | |
| 773 | 0 | |t Magyar Filozófiai Szemle |g 36.1992:3-4. p. 410-420. | |